[Event "CRO-chT2 East"]
[Site "Croatia"]
[Date "2014.04.26"]
[Round "2.15"]
[White "Djuric, Milan"]
[Black "Gubo, Marko"]
[Result "1/2-1/2"]
[WhiteElo "1930"]
[BlackElo "2096"]
[PlyCount "100"]
[EventDate "2014.04.26"]
[EventType "team-tourn"]
[EventRounds "11"]
[EventCountry "CRO"]
[SourceTitle "EXT 2019"]
[Source "ChessBase"]
[SourceDate "2018.10.10"]
[SourceVersion "1"]
[SourceVersionDate "2018.10.10"]
[SourceQuality "1"]

1. e4 d6 2. d4 Nf6 3. Nc3 g6 4. g3 Bg7 5. Bg2 0-0 6. Nf3 Bg4 7. h3 Bxf3 8. Qxf3 c6 9. Be3 Nbd7 10. 0-0-0 a5 11. Qe2 a4 12. a3 Qa5 13. f4 e5 14. dxe5 dxe5 15. f5 b5 16. Bd2 Qb6 17. Na2 c5 18. g4 Rfd8 19. g5 Ne8 20. Be3 Qb8 21. Qd2 Bf8 22. Rhf1 Nb6 23. Qf2 Qc7 24. h4 Nc4 25. Nc3 b4 26. fxg6 hxg6 27. Rxd8 Rxd8 28. Nb5 Qe7 29. Bxc5 Qxc5 30. Qxf7+ Kh8 31. Qxf8+ Qxf8 32. Rxf8+ Kg7 33. Rf3 Rb8 34. Na7 Ned6 35. Nc6 bxa3 36. bxa3 Rb6 37. Nd8 Nb5 38. Rf7+ Kg8 39. Rb7 Nbxa3 40. Rxb6 Nxb6 41. Bf1 Nac4 42. Nc6 a3 43. Nb4 Nd6 44. Bd3 Na4 45. c4 Nc5 46. Bb1 Kg7 47. Nc6 Nxc4 48. Ba2 Nd6 49. Nxe5 Ncxe4 50. Kc2 Nf5 1/2-1/2

[Event "Osijek Baranja CupT 6th"]
[Site "Osijek"]
[Date "2013.03.09"]
[Round "2.1"]
[White "Raguz, Ivanka"]
[Black "Djuric, Milan"]
[Result "1-0"]
[WhiteElo "1931"]
[BlackElo "2011"]
[PlyCount "57"]
[EventDate "2013.03.08"]
[EventType "team-tourn"]
[EventRounds "5"]
[EventCountry "CRO"]
[SourceTitle "EXT 2014"]
[Source "ChessBase"]
[SourceDate "2013.11.20"]
[SourceVersion "1"]
[SourceVersionDate "2013.11.20"]
[SourceQuality "1"]

1. e4 Nf6 2. e5 Nd5 3. c4 Nb6 4. d4 d6 5. f4 dxe5 6. fxe5 Nc6 7. Be3 Bf5 8. Nc3 e6 9. Nf3 Bg4 10. h3 Bxf3 11. gxf3 Be7 12. Be2 Bh4+ 13. Kf1 0-0 14. f4 f6 15. Kg2 fxe5 16. dxe5 Qe8 17. Bh5 g6 18. Be2 Ne7 19. Rf1 Nf5 20. Bg1 Rd8 21. Qc2 Nxc4 22. Bxc4 Qc6+ 23. Ne4 Ng3 24. Bxe6+ Kh8 25. Qxc6 bxc6 26. Nxg3 Rd3 27. Ne2 Rd2 28. Bc4 Rxb2 29. Bd4 1-0

[Event "CRO-Cup 20th"]
[Site "Sibenik"]
[Date "2011.05.22"]
[Round "6.104"]
[White "Buzancic, Tihomir"]
[Black "Djuric, Milan"]
[Result "0-1"]
[WhiteElo "1745"]
[BlackElo "2040"]
[PlyCount "60"]
[EventDate "2011.05.18"]
[EventType "team-swiss"]
[EventRounds "6"]
[EventCountry "CRO"]
[SourceTitle "CBM 142 Extra"]
[Source "ChessBase"]
[SourceDate "2011.06.27"]
[SourceVersion "1"]
[SourceVersionDate "2011.06.27"]
[SourceQuality "1"]
[WhiteTeam "Split"]
[BlackTeam "Beli Manastir"]
[WhiteTeamCountry "CRO"]
[BlackTeamCountry "CRO"]

1. e4 Nf6 2. Nc3 d6 3. Nf3 g6 4. d4 Bg7 5. h3 c6 6. Be3 Qa5 7. Qd2 0-0 8. Bc4 b5 9. Bd3 Nbd7 10. Bh6 e5 11. Bxg7 Kxg7 12. dxe5 dxe5 13. 0-0 Re8 14. a3 a6 15. b4 Qc7 16. Qe3 Bb7 17. Nd2 c5 18. Be2 Rac8 19. Na2 cxb4 20. Nxb4 Nc5 21. f3 Ne6 22. c4 Nd4 23. Rac1 Qb6 24. Kh1 Qd6 25. Rfd1 Nh5 26. Kh2 Nf4 27. Bf1 Nfe6 28. cxb5 axb5 29. Nb3 Qb8 30. Nxd4 exd4+ 0-1

[Event "CRO-Cup 20th"]
[Site "Sibenik"]
[Date "2011.05.20"]
[Round "4.94"]
[White "Djuric, Milan"]
[Black "Grgurevic, Boris"]
[Result "0-1"]
[WhiteElo "2040"]
[BlackElo "2234"]
[PlyCount "146"]
[EventDate "2011.05.18"]
[EventType "team-swiss"]
[EventRounds "6"]
[EventCountry "CRO"]
[SourceTitle "CBM 142 Extra"]
[Source "ChessBase"]
[SourceDate "2011.06.27"]
[SourceVersion "1"]
[SourceVersionDate "2011.06.27"]
[SourceQuality "1"]
[WhiteTeam "Beli Manastir"]
[BlackTeam "Sibenik"]
[WhiteTeamCountry "CRO"]
[BlackTeamCountry "CRO"]

1. e4 e5 2. Nf3 Nc6 3. Bc4 Be7 4. Nc3 Nf6 5. Bb3 d6 6. h3 0-0 7. 0-0 Be6 8. d4 Bxb3 9. axb3 a6 10. Be3 h6 11. Qe2 exd4 12. Nxd4 Nxd4 13. Bxd4 Re8 14. f3 Nh5 15. Rfd1 Nf4 16. Qf1 Bf6 17. Be3 Be5 18. Bxf4 Bxf4 19. Ne2 Be3+ 20. Kh1 Qf6 21. c3 Rad8 22. Rd3 Bb6 23. Rad1 Rd7 24. Nd4 g6 25. Nc2 Qf4 26. Nd4 Rde7 27. R3d2 Re5 28. Qd3 d5 29. Ne2 Qh4 30. exd5 Re3 31. Qc2 Rxf3 32. Nd4 Rfe3 33. Rf1 R8e4 34. Rdf2 f5 35. Nf3 Qg3 36. Qd2 Bc5 37. b4 Bd6 38. Kg1 h5 39. c4 h4 40. c5 Bf4 41. d6 cxd6 42. cxd6 Bxd6 43. Rd1 Bc7 44. Kf1 Kg7 45. Qc2 Re7 46. Qc4 R3e4 47. Qc3+ Be5 48. Qc5 Bf6 49. Rfd2 Qc7 50. Qf2 Rxb4 51. Rc2 Rc4 52. Rdc1 Rxc2 53. Rxc2 Qd6 54. Rd2 Qb4 55. Rc2 Rd7 56. Qe2 Re7 57. Qf2 Qe4 58. Qd2 Qe3 59. Qd5 Qe6 60. Qd2 Rd7 61. Qc1 Qb6 62. Re2 Qb5 63. Kf2 Qb4 64. Qc8 Qb6+ 65. Kf1 Qd8 66. Qc2 Rd1+ 67. Ne1 Rd7 68. Nf3 Qc7 69. Qa4 Re7 70. Rc2 Qb6 71. Nxh4 Qd6 72. Rc8 Bxh4 73. Qxh4 Qd1+ 0-1

[Event "CRO-Cup 20th"]
[Site "Sibenik"]
[Date "2011.05.19"]
[Round "3.104"]
[White "Saric, Zrinka"]
[Black "Djuric, Milan"]
[Result "1/2-1/2"]
[WhiteElo "2140"]
[BlackElo "2040"]
[PlyCount "68"]
[EventDate "2011.05.18"]
[EventType "team-swiss"]
[EventRounds "6"]
[EventCountry "CRO"]
[SourceTitle "CBM 142 Extra"]
[Source "ChessBase"]
[SourceDate "2011.06.27"]
[SourceVersion "1"]
[SourceVersionDate "2011.06.27"]
[SourceQuality "1"]
[WhiteTeam "Rijeka Liburnija (W)"]
[BlackTeam "Beli Manastir"]
[WhiteTeamCountry "CRO"]
[BlackTeamCountry "CRO"]

1. e4 Nf6 2. e5 Nd5 3. c4 Nb6 4. d4 d6 5. exd6 exd6 6. Nf3 Bg4 7. Be2 Be7 8. Be3 0-0 9. Nbd2 Nc6 10. 0-0 f5 11. d5 Ne5 12. Nxe5 Bxe2 13. Qxe2 dxe5 14. Nf3 e4 15. Nd4 Rf7 16. f3 exf3 17. Rxf3 Qd7 18. Raf1 g6 19. Qc2 c6 20. dxc6 bxc6 21. Rd1 Rd8 22. Rff1 Qc8 23. b3 Bf6 24. Rd2 Re7 25. Bf2 Nd7 26. Nf3 Ne5 27. Nxe5 Bxe5 28. Rfd1 Rde8 29. Bc5 Rf7 30. Qd3 Qe6 31. Qf3 Bxh2+ 32. Kh1 Bb8 33. Bd6 Bxd6 34. Rxd6 Qe4 1/2-1/2

[Event "CRO-chT2c"]
[Site "Croatia"]
[Date "2009.04.04"]
[Round "1"]
[White "Djuric, Milan"]
[Black "Kovacevic, Stevo"]
[Result "0-1"]
[WhiteElo "2077"]
[BlackElo "1981"]
[PlyCount "212"]
[EventDate "2009.04.04"]
[EventType "team-tourn"]
[EventRounds "11"]
[EventCountry "CRO"]
[SourceTitle "EXT 2010"]
[Source "ChessBase"]
[SourceDate "2010.11.25"]
[SourceVersion "1"]
[SourceVersionDate "2010.11.25"]
[SourceQuality "1"]

1. e4 e6 2. d4 d5 3. Nc3 dxe4 4. Nxe4 Nf6 5. Bd3 Nbd7 6. Nf3 h6 7. 0-0 Nxe4 8. Bxe4 Nf6 9. Bd3 Be7 10. Ne5 a6 11. Be3 0-0 12. c3 Nd5 13. Bd2 Nf6 14. Qf3 c5 15. dxc5 Bxc5 16. Rad1 Qd5 17. Qxd5 Nxd5 18. Be4 Nf6 19. Bf3 g5 20. Bc1 Bb6 21. h4 Bc7 22. hxg5 Bxe5 23. gxf6 Bxf6 24. Bxh6 Rd8 25. Rxd8+ Bxd8 26. Rd1 Bc7 27. Bg5 Kg7 28. Bd8 Be5 29. Bb6 f6 30. Rd8 Kf7 31. Bc5 Rb8 32. Bh5+ Kg7 33. Bb6 f5 34. Bd4 Bxd4 35. cxd4 Kf6 36. Bf3 Ke7 37. Rh8 b5 38. Kf1 Kd6 39. Ke2 Kc7 40. Ke3 Rb6 41. g3 Rd6 42. Rh7+ Bd7 43. a3 a5 44. Be2 Rb6 45. Rg7 Kd6 46. b4 axb4 47. axb4 Rb8 48. Bf3 Rc8 49. Kd3 Rc4 50. Rg6 Rxb4 51. Bd1 Bc6 52. g4 Be4+ 53. Ke3 Rb1 54. Be2 Kd5 55. f4 fxg4 56. Rg5+ Bf5 57. Bxg4 Rb3+ 58. Ke2 Ke4 59. Bxf5+ exf5 60. Rh5 Rb4 61. d5 Rd4 62. d6 Rxd6 63. Rh3 Kxf4 64. Rb3 Rd5 65. Rb4+ Kg3 66. Rb3+ Kg4 67. Rb1 f4 68. Rg1+ Kf5 69. Rb1 Rc5 70. Kf3 Ke5 71. Re1+ Kd4 72. Kxf4 Kd3 73. Rg1 b4 74. Rg3+ Kc2 75. Rg2+ Kb3 76. Ke4 Ka3 77. Kd4 Rc7 78. Rg8 b3 79. Ra8+ Kb2 80. Kd3 Kb1 81. Kd2 b2 82. Ra6 Rd7+ 83. Ke2 Rd4 84. Ke3 Rh4 85. Ke2 Rh2+ 86. Kd1 Rh7 87. Kd2 Rd7+ 88. Ke2 Rd5 89. Ra8 Rd4 90. Ke3 Rh4 91. Kd2 Rh1 92. Ra6 Rh4 93. Ra8 Rc4 94. Ra6 Rc5 95. Ra8 Rd5+ 96. Ke2 Rd4 97. Ke3 Rd5 98. Ra6 Kc2 99. Rc6+ Kb3 100. Rb6+ Ka3 101. Rb7 Ra5 102. Kd2 Ka2 103. Kc2 Rc5+ 104. Kd2 b1Q 105. Ra7+ Kb2 106. Rb7+ Ka1 0-1

[Event "Bizovac Metalis op 13th"]
[Site "Bizovac"]
[Date "2006.02.24"]
[Round "4"]
[White "Djuric, Milan"]
[Black "Rosandic, Denis"]
[Result "0-1"]
[WhiteElo "2103"]
[BlackElo "2289"]
[PlyCount "38"]
[EventDate "2006.02.23"]
[EventType "swiss"]
[EventRounds "7"]
[EventCountry "CRO"]
[SourceTitle "CBM 110 Extra"]
[Source "ChessBase"]
[SourceDate "2006.03.10"]
[SourceVersion "2"]
[SourceVersionDate "2006.03.10"]
[SourceQuality "1"]

1. e4 d5 2. exd5 Nf6 3. Nc3 Nxd5 4. Nxd5 Qxd5 5. d4 Nc6 6. Be3 e5 7. dxe5 Qxe5 8. Qe2 Be6 9. c3 0-0-0 10. Nf3 Qf5 11. Qb5 Rd5 12. Qe2 Bc5 13. Bxc5 Rxc5 14. Qd3 Qh5 15. 0-0-0 Rd8 16. Qc2 Qh6+ 17. Kb1 Bxa2+ 18. Ka1 Rxd1+ 19. Qxd1 Ra5 0-1

[Event "CRO-chT2 East"]
[Site "Croatia"]
[Date "2005.04.24"]
[Round "6.3"]
[White "Ivankovic, Stipo"]
[Black "Djuric, Milan"]
[Result "1/2-1/2"]
[WhiteElo "2101"]
[BlackElo "2154"]
[PlyCount "130"]
[EventDate "2005.03.19"]
[EventType "team"]
[EventRounds "11"]
[EventCountry "CRO"]
[SourceTitle "EXT 2007"]
[Source "ChessBase"]
[SourceDate "2006.11.23"]
[SourceVersion "1"]
[SourceVersionDate "2006.11.23"]
[SourceQuality "1"]

1. Nf3 Nf6 2. d4 g6 3. c4 d6 4. Nc3 Bg7 5. e3 Nbd7 6. Be2 c6 7. d5 0-0 8. e4 Qc7 9. 0-0 Nc5 10. Qc2 a5 11. Be3 Nfd7 12. Rac1 Re8 13. Rfd1 e5 14. Qd2 Bf8 15. b3 Na6 16. dxc6 bxc6 17. Bh6 Be7 18. Be3 Nf8 19. Na4 Nc5 20. Nxc5 dxc5 21. Qb2 f6 22. Ne1 Ne6 23. Nd3 Rf8 24. Rf1 Nd4 25. f4 a4 26. fxe5 fxe5 27. Rxf8+ Bxf8 28. Bxd4 cxd4 29. Qd2 axb3 30. axb3 Bg7 31. b4 Qa7 32. Qg5 Qc7 33. b5 Bd7 34. Bg4 Bxg4 35. Qxg4 cxb5 36. Qe6+ Qf7 37. Qxf7+ Kxf7 38. cxb5 Rb8 39. Rb1 Ke7 40. Kf1 Kd6 41. Ke2 Bf6 42. Kd2 Bd8 43. Rb3 Ba5+ 44. Ke2 Rb6 45. Kf3 Bd2 46. Nb2 Kc5 47. Na4+ Kc4 48. Nxb6+ Kxb3 49. Nd7 Ba5 50. Nxe5 Kb4 51. Nc6+ Kxb5 52. Nxd4+ Kc4 53. Ne6 Bb4 54. g4 Bd6 55. h4 Be7 56. g5 Kb5 57. e5 Kc6 58. Ke4 Bb4 59. Nf4 Kd7 60. h5 Be7 61. hxg6 hxg6 62. Nxg6 Bxg5 63. Kf5 Bd8 64. e6+ Ke8 65. Ne5 Be7 1/2-1/2

[Event "CRO-chT2 East"]
[Site "Croatia"]
[Date "2005.03.19"]
[Round "1.5"]
[White "Saric, Kristina"]
[Black "Djuric, Milan"]
[Result "1-0"]
[WhiteElo "2162"]
[BlackElo "2154"]
[PlyCount "65"]
[EventDate "2005.03.19"]
[EventType "team"]
[EventRounds "11"]
[EventCountry "CRO"]
[SourceTitle "EXT 2007"]
[Source "ChessBase"]
[SourceDate "2006.11.23"]
[SourceVersion "1"]
[SourceVersionDate "2006.11.23"]
[SourceQuality "1"]
[WhiteTeam "Vinkovci"]
[BlackTeam "Beli Manastir"]
[WhiteTeamCountry "CRO"]
[BlackTeamCountry "CRO"]

1. e4 Nf6 2. Nc3 d5 3. e5 d4 4. exf6 dxc3 5. bxc3 exf6 6. Nf3 Bg4 7. Be2 Bd6 8. 0-0 0-0 9. h3 Bd7 10. Rb1 Qc8 11. Re1 Nc6 12. d4 b6 13. Be3 Re8 14. Bf1 Ne7 15. c4 Ng6 16. Qd2 f5 17. c5 bxc5 18. dxc5 Bf8 19. Bc4 c6 20. Bd4 Be6 21. Bxe6 Rxe6 22. Qc3 Nf4 23. Be5 Nd5 24. Qd4 Qa6 25. c4 Nf6 26. Ng5 Rxe5 27. Rxe5 h6 28. Nf3 g6 29. Ree1 Ne4 30. Qe5 Bg7 31. Qc7 Qxa2 32. Rf1 Nxf2 33. Rb8+ 1-0